Topology theory and applications
Αποθηκεύτηκε σε:
| Συλλογικό Έργο: | , |
|---|---|
| Άλλοι συγγραφείς: | |
| Μορφή: | Πρακτικό Συνεδρίου Βιβλίο |
| Γλώσσα: | English |
| Δημοσίευση: |
Amsterdam :
North-Holland,
1985
|
| Σειρά: | Colloquia mathematica Societatis Janos Bolyai ;
; 41 |
| Θέματα: | |
| Ετικέτες: |
Προσθήκη ετικέτας
Δεν υπάρχουν, Καταχωρήστε ετικέτα πρώτοι!
|
MARC
| LEADER | 00000cam a2200000 i 4500 | ||
|---|---|---|---|
| 001 | 1/41434 | ||
| 008 | 950224s1985 eng d | ||
| 020 | |a 0-444-87757-6 | ||
| 035 | |a 1994 |c ΧΑΡΑΛΑΜΠΟΥΣ |l 10041507 | ||
| 040 | |a GR-MY-UA |b gre |e aacr | ||
| 041 | 0 | |a eng | |
| 082 | 0 | |a 514.322 | |
| 245 | 0 | 0 | |a Topology theory and applications / |c Edited by A. Csaszar |
| 260 | |a Amsterdam : |b North-Holland, |c 1985 | ||
| 300 | |a 728 p.; |c 24 cm. | ||
| 490 | 1 | |a Colloquia mathematica Societatis Janos Bolyai |v ; 41 | |
| 500 | |a The Bolyai Janos Mathematical Society organized the fifth Colloquium on Topology in Eger from 9th to 13th August 1983 | ||
| 500 | |a Includes bibliographical references | ||
| 650 | 0 | 0 | |a Topology |x Congresses. |
| 700 | 1 | |a Csaszar, Akos. |4 edt | |
| 710 | 2 | |a Bolyai János Matematikai Társulat. | |
| 711 | 2 | |a Colloquium on Topology |n (5th : |d 1983 : |c Eger, Hungary) | |
| 830 | 0 | |a Colloquia mathematica Societatis Janos Bolyai ; |v ; 41 | |
| 852 | |a INST |b SAMOS |e 19950224 |h 514.322 TOP |p 005300006371 |q 005300006371 |t BK |y 0 | ||
| 909 | |a Σ |b 037204 | ||